Enseñar lengua
Guardat en:
| Autors principals: | , , |
|---|---|
| Format: | Llibre |
| Idioma: | espanyol |
| Publicat: |
Barcelona
Graó
2000
|
| Edició: | 5a. ed |
| Col·lecció: | Serie Lengua, 117
|
| Matèries: | |
| Etiquetes: |
Afegir etiqueta
Sense etiquetes, Sigues el primer a etiquetar aquest registre!
|
MARC
| LEADER | 00000nam a2200000 a 4500 | ||
|---|---|---|---|
| 001 | UCN0359 | ||
| 003 | CL-VaPUC | ||
| 005 | 20231023101109.0 | ||
| 008 | 010323e20000100SP |||||||||||||||||spa|d | ||
| 999 | |c 294124 |d 294122 | ||
| 020 | |a 8478271007 | ||
| 040 | |c Pontificia Universidad Católica de Valparaíso | ||
| 082 | 0 | 4 | |a 372.6 |b CAS |2 21 |
| 100 | 0 | |a Cassany, Daniel |e author |9 455567 | |
| 245 | 1 | 0 | |a Enseñar lengua |
| 250 | |a 5a. ed | ||
| 260 | |a Barcelona |b Graó |c 2000 | ||
| 300 | |a 575 p | ||
| 490 | 0 | |a Serie Lengua, 117 | |
| 583 | |a last modification |c 20160426 04:46:35 |k Rodrigo Vera | ||
| 650 | 7 | |a Lengua |2 CL-VaPUC |9 387664 |x Didáctica | |
| 650 | 0 | |a Lenguaje |9 265069 |x Enseñanza | |
| 700 | 0 | |a Luna, Marta |e author |9 455568 | |
| 700 | 0 | |a Sanz, Glòria |e author |9 455569 | |
| 942 | |c BK |2 ddc | ||
| 945 | |d 20010323 00:00:00 |a cmena | ||
| 952 | |0 0 |1 0 |4 0 |6 372_600000000000000_CAS_2000 |7 0 |8 A |9 345989 |a BIBEDU |b BIBEDU |c ES_NOD |d 2019-11-20 |i 3702634 |o 372.6 CAS 2000 |p 3702634 |r 2023-08-09 |w 2019-11-20 |y BK |k LIT | ||
| 952 | |0 0 |1 0 |4 0 |6 372_600000000000000_CAS_2000 |7 0 |8 A |9 345990 |a BIBEDU |b BIBEDU |c ES_NOD |d 2019-11-20 |i 3805573 |o 372.6 CAS 2000 |p 3805573 |r 2023-08-09 |w 2019-11-20 |y BK |k EPE | ||
| 952 | |0 0 |1 0 |4 0 |6 372_600000000000000_CAS_2000 |7 0 |8 A |9 345991 |a BIBEDU |b BIBEDU |c ES_NOD |d 2019-11-20 |i 4243315 |l 2 |o 372.6 CAS 2000 |p 4243315 |r 2023-10-03 |s 2023-09-26 |w 2019-11-20 |y BK |k EBA | ||
| 952 | |0 0 |1 0 |4 0 |6 372_600000000000000_CAS_2000 |7 0 |8 A |9 345992 |a FDOPOS |b FDOPOS |d 2019-11-20 |i 3871878 |o 372.6 CAS 2000 |p 3871878 |r 2025-01-22 |w 2019-11-20 |y BK |k MLA | ||
| 952 | |0 0 |1 0 |4 0 |6 372_600000000000000_CAS_2000 |7 0 |8 A |9 345993 |a BIBAGR |b BIBAGR |d 2019-11-20 |i 4332369 |o 372.6 CAS 2000 |p 4332369 |r 2024-01-30 |w 2019-11-20 |y BK |k AGR | ||
| 952 | |0 0 |1 0 |4 0 |6 372_600000000000000_CAS_2000 |7 0 |8 A |9 345994 |a BIBAGR |b BIBAGR |d 2019-11-20 |i 4332385 |o 372.6 CAS 2000 |p 4332385 |r 2024-01-30 |w 2019-11-20 |y BK |k AGR | ||
| 952 | |0 0 |1 0 |4 0 |6 372_600000000000000_CAS_2000 |7 0 |8 A |9 345995 |a BIBAGR |b BIBAGR |d 2019-11-20 |i 4332415 |o 372.6 CAS 2000 |p 4332415 |r 2024-01-30 |w 2019-11-20 |y BK |k AGR | ||
| 952 | |0 0 |1 0 |4 0 |6 372_600000000000000_CAS_2000 |7 0 |8 A |9 345996 |a BIBAGR |b BIBAGR |d 2019-11-20 |i 4332423 |o 372.6 CAS 2000 |p 4332423 |r 2024-01-30 |w 2019-11-20 |y BK |k AGR | ||
| 952 | |0 0 |1 0 |4 0 |6 372_600000000000000_CAS_2000 |7 0 |8 A |9 345997 |a BIBAGR |b BIBAGR |d 2019-11-20 |i 4334108 |o 372.6 CAS 2000 |p 4334108 |r 2024-01-30 |w 2019-11-20 |y BK |k AGR | ||
| 952 | |0 0 |1 0 |4 0 |6 372_600000000000000_CAS_2000 |7 0 |8 A |9 345998 |a BIBAGR |b BIBAGR |d 2019-11-20 |i 4334116 |o 372.6 CAS 2000 |p 4334116 |r 2024-01-30 |w 2019-11-20 |y BK |k AGR | ||
| 952 | |0 0 |1 0 |4 0 |6 372_600000000000000_CAS_2000 |7 0 |8 A |9 345999 |a BIBAGR |b BIBAGR |d 2019-11-20 |i 4334124 |o 372.6 CAS 2000 |p 4334124 |r 2024-01-30 |w 2019-11-20 |y BK |k AGR | ||
| 952 | |0 0 |1 0 |4 0 |6 372_600000000000000_CAS_2000 |7 0 |8 A |9 346000 |a BIBAGR |b BIBAGR |d 2019-11-20 |i 4334132 |o 372.6 CAS 2000 |p 4334132 |r 2024-01-30 |w 2019-11-20 |y BK |k AGR | ||
| 952 | |0 0 |1 0 |4 0 |6 372_600000000000000_CAS_2000 |7 0 |8 A |9 346001 |a BIBAGR |b BIBAGR |d 2019-11-20 |i 4334140 |o 372.6 CAS 2000 |p 4334140 |r 2024-01-30 |w 2019-11-20 |y BK |k AGR | ||
| 952 | |0 0 |1 0 |4 0 |6 372_600000000000000_CAS_2000 |7 0 |8 A |9 346002 |a BIBAGR |b BIBAGR |d 2019-11-20 |i 4334159 |o 372.6 CAS 2000 |p 4334159 |r 2024-01-30 |w 2019-11-20 |y BK |k AGR | ||
| 952 | |0 0 |1 0 |4 0 |6 372_600000000000000_CAS_2000 |7 0 |8 A |9 346003 |a BIBAGR |b BIBAGR |d 2019-11-20 |i 4334167 |o 372.6 CAS 2000 |p 4334167 |r 2024-01-30 |w 2019-11-20 |y BK |k AGR | ||
| 952 | |0 0 |1 0 |4 0 |6 372_600000000000000_CAS_2000 |7 0 |8 A |9 346004 |a BIBAGR |b BIBAGR |d 2019-11-20 |i 4334175 |o 372.6 CAS 2000 |p 4334175 |r 2024-01-30 |w 2019-11-20 |y BK |k AGR | ||